01167cam a2200301 a 450000500170000000800410001704000350005804100080009304400080010108200190010910000260012824501040015426000770025830000600033550400420039565000170043765000260045465000250048065000150050570000310052070000300055170000290058170000290061070000250063994200150066499900150067995201710069420171103150034.0960718s19960000us a fr |0 spa d aCO-BoPUJcCO-BoIAVHdCO-BoIAVH0 aspa axxu04a598.7072bR16m1 aRalph, C. Johneautor00aManual de métodos de campo para el monitoreo de aves terrestres / cC. John Ralph ...[y otros 5] aAlbany (CA, EE.UU.) : bUnited States Department of Agriculture,c1996.. a44 páginas : bilustraciones y tablas ; c28 x 22 cm. aIncluye referencias bibliográficas.26aAvesvCensos26aAvesxInvestigaciones26aAvesxHuevos y nidos26aZoología1 aGeupel, Geoffrey R.eautor1 aPyle, Peterd1957-eautor1 aMartin, Thomas E.eautor1 aDesante, David F.eautor1 aBorja, Miláeautor 2ddccLIBRO c3441d3441 00102ddc40708GENERALIINV2017aVenadobVenadod2003-06-16eInstitutog39000.00l0oLB-598.7072 R16mp006442r2012-12-04 00:00:00tEj. 1w2012-12-04xComprayLIBRO